| 000 | 01234cam a22003131i 4500 | ||
|---|---|---|---|
| 003 | SA-RiAUC | ||
| 005 | 20250128134415.0 | ||
| 008 | 250121s1998 su g 000 0 ara c | ||
| 020 | _a9960693236 | ||
| 020 | _a996693236 | ||
| 040 |
_aSA-JeALM _bara _cSA-RiAUC _erda |
||
| 041 | 1 |
_aara _hund |
|
| 043 | _aar----- | ||
| 082 | 0 | 4 |
_a915.304 _qSA-RiAUC |
| 090 |
_a915.304 _b ن ا ك |
||
| 100 | 1 |
_aناكانو، إيجيرو _eمؤلف. |
|
| 245 | 1 | 2 |
_aالرحلة اليابانية إلى الجزيرة العربية 1358 هـ-1939 م / _cتأليف إيجيرو ناكانو ؛ ترجمة سارة تاكاهاشي. |
| 250 | _aالطبعة الثانية. | ||
| 264 | 1 |
_aالرياض : _bدارة الملك عبد العزيز، _c1999 |
|
| 300 |
_a189 صفحة ؛ _c24 سم |
||
| 336 |
_aنص _btxt _2rdacontent _3كتاب |
||
| 337 |
_aبدون وسيط _bn _2rdamedia |
||
| 338 |
_aمجلد _bnc _2rdacarrier |
||
| 600 | 1 | 7 |
_aناكانو، إيجيرو _xرحلات _zشبه الجزيرة العربية _2aucnm |
| 651 | 7 |
_aشبه الجزيرة العربية _xوصف ورحلات _2aucsh |
|
| 700 | 1 |
_aتاكاهاشي، سارة _eمترجم. |
|
| 942 |
_2ddc _cBOOK _n0 |
||
| 949 |
_aSA-JeALM _d250121 _uosman123 _n1 |
||
| 999 |
_c5342 _d5342 |
||